Statistics for Minecraft Blocks by Picture #2

Click here to take the quiz!

General Stats

  • This quiz has been taken 47 times
  • The average score is 14 of 20

Answer Stats

Answer% Correct
Block of Emerald
95%
Bookshelf
93%
Furnace
93%
Sponge
90%
Coal Ore
88%
Shulker Box
88%
Mossy Cobblestone
85%
Snow Block
80%
Bone Block
75%
Nether Bricks
75%
Jungle Planks
68%
Dropper
65%
Ancient Debris
63%
Blue Glazed Terracotta
60%
Honeycomb Block
60%
Beehive
58%
Lime Concrete
58%
Oxidized Copper
55%
Stripped Oak Log
55%
Tuff
43%

Score Distribution

Percentile by Number Answered

Percent of People with Each Score

Your Score History

You have not taken this quiz